00553nam a2200169Ia 4500008004100000020001800041041000800059082001600067100001700083245005100100250000600151260003200157300001200189650003300201999001900234952013000253210716s2014 xx 000 0 und d a9781780171807 aeng a003.55 BOTF aBott, Frank. aProfessional issues in information technology. a2 aNew DelhibViva Booksc2014 axix,189 aInfrared Technology(621.362) c194334d194334 001040708MCAaAIMITbAIMITeKnowledge Worldg595.00l0o003.55 BOTFpMCA13842r2025-07-21 00:00:00v446.25w2021-07-16yBK